00470nam a22001457a 4500082001700000100001400017245002600031260003500057300001000092650001400102942000700116952009200123952009200215999001700307 a297.297bHAQ aHaq Abdul aDoctrine of Atonement aLahorebCentral Printing Works a154 P aAtonement cBK 00104070aHMIbHMIcGENd2018-06-01l0o297.297 HAQp6827r2018-06-01w2018-06-01yBK 00104070aHMIbHMIcGENd2018-06-01l0o297.297 HAQp1458r2018-06-01w2026-01-16yEB c21081d21081